| 000 | 01803nam a2200457Ii 4500 | ||
|---|---|---|---|
| 001 | DIGEDUSTA200 | ||
| 003 | NyNyDIG | ||
| 006 | m o d | ||
| 007 | cr ||||||||||| | ||
| 008 | 230420s2021 ck ab ob 001 0 spa d | ||
| 035 | _a(OCoLC)1377521272 | ||
| 040 |
_aDGITA _beng _erda _epn _cDGITA |
||
| 020 |
_a9789587824599 _qeBook |
||
| 020 | _z9789587824582 | ||
| 041 | 0 |
_aspa _aeng |
|
| 043 | _as-ck--- | ||
| 050 | 1 | 4 | _aJZ5584.C7 ebook |
| 245 | 0 | 0 |
_aSociología de la paz en Colombia : _bbalance territorial del posacuerdo / _cGinneth Esmeralda Narváez Jaimes, Camilo Andrés Castiblanco Durán, editores académicos. |
| 264 | 1 |
_aBogotá : _bEdiciones USTA, _c2021. |
|
| 250 | _aPrimera edición. | ||
| 300 |
_a1 online resource : _billustrations, maps. |
||
| 336 |
_atext _btxt _2rdacontent |
||
| 337 |
_acomputer _bc _2rdamedia |
||
| 338 |
_aonline resource _bcr _2rdacarrier |
||
| 347 |
_atext file _2rdaft |
||
| 347 | _bEPUB | ||
| 546 | _aText in Spanish and English. | ||
| 504 | _aIncludes bibliographical references and index. | ||
| 588 | 0 | _aOnline resource; title from ePub title page (Digitalia, viewed April 20, 2023) | |
| 650 | 0 |
_aPeace-building _xSocial aspects _zColombia. |
|
| 650 | 0 |
_aPeace _xSocial aspects _zColombia. |
|
| 650 | 0 |
_aPeace _xSociological aspects. |
|
| 700 | 1 |
_aGinneth Esmeralda Narváez Jaimes, _eeditor. |
|
| 700 | 1 |
_aCastiblanco Durán, Camilo Andrés, _eeditor. |
|
| 776 | 0 | 8 |
_iPrint version: _tSociología de la paz en Colombia. _bPrimera edición. _dBogotá : Ediciones USTA, 2021 _z9789587824582 |
| 791 | 2 |
_aDigitalia (Firm), _edistributor. |
|
| 793 | 0 |
_gDigitalia eBook Collection: _aEdiciones USTA |
|
| 856 | 4 | 0 |
_3Digitalia Hispánica _uhttps://www.digitaliapublishing.com/a/119159/ |
| 910 | _aPremium collection: 2023 | ||
| 942 | _cRAA | ||
| 999 |
_c275948 _d275948 |
||